<?xml version="1.0" encoding="UTF-8"?><?xml-stylesheet type="text/xsl" href="static/style.xsl"?><OAI-PMH xmlns="http://www.openarchives.org/OAI/2.0/" xmlns:xsi="http://www.w3.org/2001/XMLSchema-instance" xsi:schemaLocation="http://www.openarchives.org/OAI/2.0/ http://www.openarchives.org/OAI/2.0/OAI-PMH.xsd"><responseDate>2026-05-17T19:42:15Z</responseDate><request verb="GetRecord" identifier="oai:repisalud.isciii.es:20.500.12105/26128" metadataPrefix="marc">https://repisalud.isciii.es/rest/oai/request</request><GetRecord><record><header><identifier>oai:repisalud.isciii.es:20.500.12105/26128</identifier><datestamp>2026-02-17T01:17:20Z</datestamp><setSpec>com_20.500.12105_2405</setSpec><setSpec>com_20.500.12105_2403</setSpec><setSpec>col_20.500.12105_2409</setSpec></header><metadata><record xmlns="http://www.loc.gov/MARC21/slim" xmlns:dcterms="http://purl.org/dc/terms/" xmlns:doc="http://www.lyncode.com/xoai" xmlns:xsi="http://www.w3.org/2001/XMLSchema-instance" xsi:schemaLocation="http://www.loc.gov/MARC21/slim http://www.loc.gov/standards/marcxml/schema/MARC21slim.xsd">
   <leader>00925njm 22002777a 4500</leader>
   <datafield ind2=" " ind1=" " tag="042">
      <subfield code="a">dc</subfield>
   </datafield>
   <datafield ind2=" " ind1=" " tag="720">
      <subfield code="a">Aracil, Belen</subfield>
      <subfield code="e">author</subfield>
   </datafield>
   <datafield ind2=" " ind1=" " tag="720">
      <subfield code="a">Oteo-Iglesias, Jesus</subfield>
      <subfield code="e">author</subfield>
   </datafield>
   <datafield ind2=" " ind1=" " tag="720">
      <subfield code="a">EARS-Net España</subfield>
      <subfield code="e">author</subfield>
   </datafield>
   <datafield ind2=" " ind1=" " tag="260">
      <subfield code="c">2025</subfield>
   </datafield>
   <datafield ind2=" " ind1=" " tag="520">
      <subfield code="a">La resistencia a antibióticos es una amenaza global tanto para la salud de los pacientes como para la salud pública de la población. La vigilancia es un primer paso imprescindible para poder combatirla. En este documento se presenta el informe anual de la red oficial europea de vigilancia de la resistencia a antibióticos en patógenos invasivos EARS-Net, según los resultados de la sub-red española correspondientes a 2023. Durante 2023, 40 hospitales, distribuidos por las principales regiones españolas, han remitido datos de vigilancia a la red española de EARS-Net. Esta memoria recoge dicha información, así como las tendencias evolutivas a lo largo de los últimos años; también incluye los últimos mapas europeos comparativos de resistencias de EARS-Net.</subfield>
   </datafield>
   <datafield ind1="8" ind2=" " tag="024">
      <subfield code="a">Aracil García, Belén, Oteo Iglesias, Jesús y los participantes de la Red EARSNet España. Informe de Vigilancia: Resistencia a los Antibióticos en Aislados Invasivos en España: Memoria Anual 2023 de la Red Europea (EARS-Net). Madrid: Instituto de Salud Carlos III. Ministerio de Ciencia, Innovación y Universidades, 2025.</subfield>
   </datafield>
   <datafield ind1="8" ind2=" " tag="024">
      <subfield code="a">10.4321/repisalud.26128</subfield>
   </datafield>
   <datafield ind1="8" ind2=" " tag="024">
      <subfield code="a">156250012</subfield>
   </datafield>
   <datafield ind1="8" ind2=" " tag="024">
      <subfield code="a">156250028</subfield>
   </datafield>
   <datafield ind1="8" ind2=" " tag="024">
      <subfield code="a">https://hdl.handle.net/20.500.12105/26128</subfield>
   </datafield>
   <datafield ind2="0" ind1="0" tag="245">
      <subfield code="a">Informe de Vigilancia: Resistencia a los Antibióticos en Aislados Invasivos en España: Memoria Anual 2023 de la Red Europea (EARS-Net)</subfield>
   </datafield>
</record></metadata></record></GetRecord></OAI-PMH>